Stefano Pioli's Fiorentina - Statistics

General Stats
  • This quiz has been taken 5 times
  • The average score is 15 of 40
Answer Stats
Rank Player Position Nationality Matches Goals Assists % Correct
2 Federico Chiesa Right Winger 71 18 12
100%
4 Cristiano Biraghi Left-Back 68 2 10
80%
1 Giovanni Simeone Centre-Forward 74 22 8
80%
3 Jordan Veretout Central Midfield 68 15 4
80%
8 Nikola Milenković Centre-Back 47 2 0
80%
13 Alban Lafont Goalkeeper 30 0 0
60%
6 Germán Pezzella Centre-Back 64 3 1
60%
11 Gerson Central Midfield 32 3 4
60%
5 Marco Benassi Central Midfield 66 14 4
60%
16 Milan Badelj Defensive Midfield 27 2 0
60%
12 Valentin Eysseric Attacking Midfield 31 1 2
60%
29 Bartlomiej Dragowski Goalkeeper 8 0 0
40%
14 Bryan Dabo Central Midfield 29 2 2
40%
28 Carlos Sánchez Defensive Midfield 11 1 0
40%
20 Cyril Théréau Centre-Forward 22 5 4
40%
17 Davide Astori Centre-Back 27 1 1
40%
32 Dušan Vlahović Centre-Forward 6 0 0
40%
23 Khouma Babacar Centre-Forward 18 5 2
40%
25 Luis Muriel Centre-Forward 15 8 2
40%
9 Marco Sportiello Goalkeeper 37 0 0
40%
22 Marko Pjaca Left Winger 19 1 1
40%
35 Nenad Tomović Centre-Back 2 0 0
40%
21 Riccardo Saponara Attacking Midfield 20 0 4
40%
10 Vincent Laurini Right-Back 37 0 1
40%
7 Vitor Hugo Centre-Back 50 1 2
40%
24 Bruno Gaspar Right-Back 17 0 2
20%
34 Dávid Hancko Centre-Back 4 0 1
20%
27 Diego Falcinelli Centre-Forward 12 0 1
20%
18 Edimilson Fernandes Defensive Midfield 27 2 0
20%
26 Federico Ceccherini Centre-Back 13 0 0
20%
19 Kevin Mirallas Right Winger 23 2 3
20%
36 Pietro Terracciano Goalkeeper 2 0 0
20%
38 Riccardo Sottil Left Winger 2 0 0
20%
31 Sebastián Cristóforo Central Midfield 7 0 0
20%
40 Tòfol Montiel Right Winger 1 0 0
20%
33 Christian Nørgaard Defensive Midfield 5 0 0
0%
15 Gil Dias Right Winger 28 2 2
0%
30 Maximiliano Olivera Left-Back 7 0 0
0%
39 Rafik Zekhnini Left Winger 1 0 0
0%
37 Simone Lo Faso Second Striker 2 0 0
0%
No matching quizzes found
Score Distribution
Percent of People with Each Score
Percentile by Number Answered
Your Score History
You have not taken this quiz